Charakterizácia sypkých rádioaktívnych odpadov pre ich bezpečné spracovanie

Salvato in:
Dettagli Bibliografici
Autore principale: Pavlech, Juraj, 1975- (Autore)
Altri autori: Rusko, Miroslav, 1953- (Relatore della tesi)
Natura: Manoscritto Libro
Lingua:slovacco
Pubblicazione: 2015
Soggetti:
Accesso online:http://is.stuba.sk/zp/portal_zp.pl?podrobnosti=110831
Tags: Aggiungi Tag
Nessun Tag, puoi essere il primo ad aggiungerne!!

MARC

LEADER 00000ntm a22000003a 4500
001 stuzp52688
003 SK-STU
005 20160719154240.8
007 ta
008 150427s2015----xo-----f-mn---000-0-slo-d
040 |a STU  |b slo 
041 0 |a slo 
100 1 |a Pavlech, Juraj,  |d 1975-  |u 065000  |4 aut  |U MTF Materiálovotechnologická fakulta  |T MTF Ústav bezpečnosti, environmentu a kvality  |X 6881  |U M5000  |Y 85  |7 A000006881 
242 0 1 |a Characterization of loose radioactive waste for their safe handling  |y eng 
245 1 0 |a Charakterizácia sypkých rádioaktívnych odpadov pre ich bezpečné spracovanie 
260 |c 2015 
650 4 |a hmotnostná aktivita  |2 slo 
650 4 |a radiačná situácia  |2 slo 
650 4 |a fyzikálne  |2 slo 
650 4 |a chemické  |2 slo 
650 4 |a rádiologické  |2 slo 
650 4 |a radiačné charakteristiky  |2 slo 
650 4 |a Weighted activity  |2 eng 
650 4 |a radiative situation  |2 eng 
650 4 |a physical  |2 eng 
650 4 |a radiological  |2 eng 
650 4 |a radiative characteristics  |2 eng 
650 4 |a chemical  |2 eng 
700 1 |a Rusko, Miroslav,  |d 1953-  |4 ths  |X 2796  |7 A000002796 
856 4 |u http://is.stuba.sk/zp/portal_zp.pl?podrobnosti=110831 
996 |c M* DP-12509  |l MMSKP  |s P  |a 0  |w stuzp52688_0001 
SQL |a stuzp52688  |b DDP  |c SLO  |d Charakterizácia sypkých rádioaktívnych odpadov pre ich bezpečné spracovanie  |e 6881  |f Pavlech, Juraj  |g 065000  |h 2796  |i Rusko, Miroslav  |j 20150604  |k 670  |l 06  |m http://is.stuba.sk/zp/portal_zp.pl?podrobnosti=110831  |n I-IBE  |o 8.3.5. bezpečnosť a ochrana zdravia pri práci